Tổng tập nhà văn quân đội : Kỷ yếu và tác phẩm
Salvato in:
| Natura: | Libro |
|---|---|
| Lingua: | Undetermined |
| Pubblicazione: |
H.
QĐND
2000
|
| Soggetti: | |
| Tags: |
Aggiungi Tag
Nessun Tag, puoi essere il primo ad aggiungerne! !
|
| Thư viện lưu trữ: | Trung tâm Học liệu Trường Đại học Cần Thơ |
|---|
| LEADER | 00488nam a2200169Ia 4500 | ||
|---|---|---|---|
| 001 | CTU_50680 | ||
| 008 | 210402s9999 xx 000 0 und d | ||
| 082 | |a 895.922008 | ||
| 082 | |b T455/T5 | ||
| 245 | 0 | |a Tổng tập nhà văn quân đội : Kỷ yếu và tác phẩm | |
| 260 | |a H. | ||
| 260 | |b QĐND | ||
| 260 | |c 2000 | ||
| 650 | |a vietnamese literature | ||
| 650 | |x collections | ||
| 650 | |y 20th century | ||
| 980 | |a Trung tâm Học liệu Trường Đại học Cần Thơ | ||